| 000 | 00408cam a2200169ua 4500 | ||
|---|---|---|---|
| 001 | 5310 | ||
| 008 | 120816n ii |||gr||||Z||||||eng | ||
| 040 | _cMAIN | ||
| 082 | _a340 | ||
| 100 |
_aMishra, O. P., _eAuthor, |
||
| 245 | 1 | 1 |
_aLaw relating to women & child _cby O.P. Mishra |
| 250 | _a2nd. | ||
| 260 |
_aAllahabad: _bCentral law agency, _c2003. |
||
| 300 |
_a256p: _c23cm. |
||
| 653 | _aLaw | ||
| 942 | _cBK | ||
| 999 |
_c4491 _d4491 |
||